[Event "Montreal Mercredi 02"]
[Site "Montreal"]
[Date "2008.02.20"]
[Round "1"]
[White "Tong, Tan Guang"]
[Black "Dardoura, Khaled"]
[Result "0-1"]
[WhiteElo "1410"]
[BlackElo "1401"]
[PlyCount "118"]
[EventDate "2008.02.20"]
[EventType "tourn"]
[EventRounds "5"]
[EventCountry "CAN"]
[SourceTitle "EXT 2011"]
[Source "ChessBase"]
[SourceDate "2010.11.26"]
[SourceVersion "1"]
[SourceVersionDate "2010.11.26"]
[SourceQuality "1"]

1. e4 e6 2. d4 d5 3. e5 c5 4. c3 Qb6 5. Nf3 Nc6 6. a3 a5 7. Bd3 Bd7 8. Bc2 Nh6 9. 0-0 Nf5 10. Bxf5 exf5 11. Re1 cxd4 12. cxd4 Be6 13. Nc3 Be7 14. Rb1 0-0 15. Bf4 Rfc8 16. Qd2 Qb3 17. Bg5 Bf8 18. Qd3 Na7 19. Rec1 Rc6 20. Nd2 Qb6 21. Rc2 Rac8 22. Rbc1 Qc7 23. a4 Bb4 24. Qg3 Qb6 25. Bf6 Bf8 26. Nf3 f4 27. Qxf4 gxf6 28. Qxf6 Bg7 29. Qf4 Qd8 30. h4 b5 31. axb5 Nxb5 32. h5 Nxc3 33. bxc3 Qf8 34. Qg3 Kh8 35. Ne1 Qa3 36. Qg5 Qf8 37. f4 Bh6 38. Qg3 Qg7 39. Qxg7+ Kxg7 40. g3 Bg4 41. Nd3 Bf5 42. Rd1 Rxc3 43. Rxc3 Rxc3 44. Nc5 Rxg3+ 45. Kf2 Rg4 46. Rg1 Rxg1 47. Kxg1 Bxf4 48. Nb7 a4 49. Nd6 Bd3 50. Ne8+ Kf8 51. Nc7 a3 52. Nxd5 Bd2 53. Nf6 a2 54. Nxh7+ Bxh7 55. Kh2 a1Q 56. d5 Bf4+ 57. Kg2 Be4+ 58. Kf2 Qb2+ 59. Kg1 Qg2# 0-1